Top gun (Record no. 28)
[ view plain ]
| 000 -LEADER | |
|---|---|
| fixed length control field | 02825cgm a2200601Ia 4500 |
| 003 - CONTROL NUMBER IDENTIFIER | |
| control field | data |
| 005 - DATE AND TIME OF LATEST TRANSACTION | |
| control field | 20260322212003.0 |
| 007 - PHYSICAL DESCRIPTION FIXED FIELD--GENERAL INFORMATION | |
| fixed length control field | data |
| 008 - FIXED-LENGTH DATA ELEMENTS--GENERAL INFORMATION | |
| fixed length control field | data |
| 020 ## - INTERNATIONAL STANDARD BOOK NUMBER | |
| International Standard Book Number | 0792152921 |
| 020 ## - INTERNATIONAL STANDARD BOOK NUMBER | |
| International Standard Book Number | 9780792152927 |
| 028 42 - PUBLISHER OR DISTRIBUTOR NUMBER | |
| Publisher or distributor number | 016927 |
| Source | Paramount |
| 040 ## - CATALOGING SOURCE | |
| Original cataloging agency | MDK |
| Transcribing agency | MDK |
| Modifying agency | BGU |
| -- | TMI |
| -- | IUL |
| -- | OCLCQ |
| -- | BTCTA |
| -- | OCLCQ |
| -- | OCLCG |
| -- | OCLCQ |
| -- | KF5 |
| -- | OCLCA |
| -- | WAU |
| -- | OCLCA |
| -- | ZGV |
| -- | OCLCA |
| -- | BGU |
| 041 1# - LANGUAGE CODE | |
| Language code of text/sound track or separate title | fre |
| -- | fre |
| Language code of subtitles | spa |
| -- | spa |
| 050 #4 - LIBRARY OF CONGRESS CALL NUMBER | |
| Classification number | PN1997 |
| Item number | .T67 1998 |
| 082 04 - DEWEY DECIMAL CLASSIFICATION NUMBER | |
| Classification number | 791.4372 |
| 090 ## - LOCALLY ASSIGNED LC-TYPE CALL NUMBER (OCLC); LOCAL CALL NUMBER (RLIN) | |
| Classification number (OCLC) (R) ; Classification number, CALL (RLIN) (NR) | DVD 626 |
| 001 - CONTROL NUMBER | |
| control field | data |
| 130 0# - MAIN ENTRY--UNIFORM TITLE | |
| Uniform title | Top Gun (Motion picture) |
| 245 10 - TITLE STATEMENT | |
| Title | Top gun |
| Medium | [videorecording] / |
| Statement of responsibility, etc. | Jim Cash ... [et al.]. |
| 260 ## - PUBLICATION, DISTRIBUTION, ETC. | |
| Place of publication, distribution, etc. | Hollywood, Calif. : |
| Name of publisher, distributor, etc. | Paramount, |
| Date of publication, distribution, etc. | c1998. |
| 300 ## - PHYSICAL DESCRIPTION | |
| Extent | 1 videodisc (109 min.) : |
| Other physical details | sd., col. ; |
| Dimensions | 4 3/4 in. |
| 500 ## - GENERAL NOTE | |
| General note | DVD release of the 1986 motion picture. |
| 500 ## - GENERAL NOTE | |
| General note | Special features: video options (widescreen or standard); interactive menus; scene selection. |
| 505 0# - FORMATTED CONTENTS NOTE | |
| Formatted contents note | Special features: video options (widescreen or standard); interactive menus; scene selection. For special features see interactive menu or DVD case. Maverick Mitchell is a daring young flyer in the U.S. Navy who is out to become the best of the best at the Navy's prestigious fighter weapons school. |
| 508 ## - CREATION/PRODUCTION CREDITS NOTE | |
| Creation/production credits note | Director of photography, Jeffrey Kimball ; editors, Billy Weber, Chris Lebenzon ; music score, Harold Faltermeyer. |
| 511 1# - PARTICIPANT OR PERFORMER NOTE | |
| Participant or performer note | Tom Cruise, Kelly McGillis, Val Kilmer, Anthony Edwards, Tom Skerritt, Meg Ryan. |
| 520 ## - SUMMARY, ETC. | |
| Summary, etc. | Maverick Mitchell is a daring young flyer in the U.S. Navy who is out to become the best of the best at the Navy's prestigious fighter weapons school. |
| 521 8# - TARGET AUDIENCE NOTE | |
| Target audience note | Rated PG. |
| 538 ## - SYSTEM DETAILS NOTE | |
| System details note | DVD; English (Dolby digital 5.1), English and French (Dolby digital 2.0 surround); widescreen letterboxed 2.35:1 aspect ratio; full screen (standard) 1.33:1 aspect ratio. |
| 546 ## - LANGUAGE NOTE | |
| Language note | English or French with optional English captions and subtitles for the hearing impaired; optional Spanish subtitles. |
| 546 ## - LANGUAGE NOTE | |
| Language note | Closed-captioned. |
| 600 10 - SUBJECT ADDED ENTRY--PERSONAL NAME | |
| Personal name | Navy Fighter Weapons School (U.S.) |
| Form subdivision | Drama. |
| 650 #0 - SUBJECT ADDED ENTRY--TOPICAL TERM | |
| Topical term or geographic name entry element | Feature films. |
| 650 #0 - SUBJECT ADDED ENTRY--TOPICAL TERM | |
| Topical term or geographic name entry element | Fighter plane combat |
| Geographic subdivision | United States |
| Form subdivision | Drama. |
| 650 #0 - SUBJECT ADDED ENTRY--TOPICAL TERM | |
| Topical term or geographic name entry element | Films for the hearing impaired. |
| 655 #7 - INDEX TERM--GENRE/FORM | |
| Genre/form data or focus term | Feature films. |
| Source of term | lcgft. |
| 655 #7 - INDEX TERM--GENRE/FORM | |
| Genre/form data or focus term | Feature films |
| Geographic subdivision | United States. |
| Source of term | local. |
| 655 #7 - INDEX TERM--GENRE/FORM | |
| Genre/form data or focus term | Action and adventure films. |
| Source of term | lcgft. |
| 655 #7 - INDEX TERM--GENRE/FORM | |
| Genre/form data or focus term | Military films. |
| Source of term | lcgft. |
| 655 #7 - INDEX TERM--GENRE/FORM | |
| Genre/form data or focus term | Subculture films. |
| Source of term | lcgft. |
| 655 #7 - INDEX TERM--GENRE/FORM | |
| Genre/form data or focus term | Video recordings for the hearing impaired. |
| Source of term | lcgft. |
| 700 1# - ADDED ENTRY--PERSONAL NAME | |
| Personal name | Cash, Jim. |
| 700 1# - ADDED ENTRY--PERSONAL NAME | |
| Personal name | Epps, Jack. |
| 700 1# - ADDED ENTRY--PERSONAL NAME | |
| Personal name | Simpson, Don, |
| Dates associated with a name | 1945-1996. |
| 700 1# - ADDED ENTRY--PERSONAL NAME | |
| Personal name | Bruckheimer, Jerry. |
| 700 1# - ADDED ENTRY--PERSONAL NAME | |
| Personal name | Scott, Tony, |
| Dates associated with a name | 1944-2012. |
| 700 1# - ADDED ENTRY--PERSONAL NAME | |
| Personal name | Cruise, Tom, |
| Dates associated with a name | 1962- |
| 700 1# - ADDED ENTRY--PERSONAL NAME | |
| Personal name | McGillis, Kelly, |
| Dates associated with a name | 1957- |
| 700 1# - ADDED ENTRY--PERSONAL NAME | |
| Personal name | Kilmer, Val, |
| Dates associated with a name | 1959- |
| 700 1# - ADDED ENTRY--PERSONAL NAME | |
| Personal name | Edwards, Anthony, |
| Dates associated with a name | 1962- |
| 710 2# - ADDED ENTRY--CORPORATE NAME | |
| Corporate name or jurisdiction name as entry element | Paramount Pictures Corporation. |
| Withdrawn status | Lost status | Damaged status | Not for loan | Home library | Current library | Shelving location | Date acquired | Total checkouts | Full call number | Barcode | Date last seen | Price effective from | Koha item type |
|---|---|---|---|---|---|---|---|---|---|---|---|---|---|
| Centerville | Centerville | General stacks | 22/03/2026 | 791.4372 | BC0010028 | 22/03/2026 | 22/03/2026 | Books |